Fifth formers of s't clare's / Guid Blyton (Record no. 21516)

000 -LEADER
fixed length control field 00414nam a22001577a 4500
003 - CONTROL NUMBER IDENTIFIER
control field OSt
005 - DATE AND TIME OF LATEST TRANSACTION
control field 20251103133524.0
008 - FIXED-LENGTH DATA ELEMENTS--GENERAL INFORMATION
fixed length control field 251103b2015 xxu||||j |||| 00| 0 eng d
040 ## - CATALOGING SOURCE
Transcribing agency csuc
082 ## - DEWEY DECIMAL CLASSIFICATION NUMBER
Item number B661
100 ## - MAIN ENTRY--PERSONAL NAME
Relator code Blyton, Guid, author.
245 ## - TITLE STATEMENT
Title Fifth formers of s't clare's / Guid Blyton
260 ## - PUBLICATION, DISTRIBUTION, ETC. (IMPRINT)
Place of publication, distribution, etc Great Britain
Name of publisher, distributor, etc Hodder & Stoughton Ltd.
Date of publication, distribution, etc 2015
300 ## - PHYSICAL DESCRIPTION
Other physical details 200 pages ;
Dimensions 13 cm.
942 ## - ADDED ENTRY ELEMENTS (KOHA)
Source of classification or shelving scheme
Koha item type Books
Holdings
Price effective from Permanent Location Date last seen Not for loan Date acquired Source of classification or shelving scheme Koha item type Lost status Withdrawn status Source of acquisition Collection code Damaged status Barcode Shelving location Current Location Full call number
2025-11-03Cagayan State University - Carig Library2025-11-03 2025-11-03 Books  DonationChildren Section C000369Children SectionCagayan State University - Carig LibraryB661 c 1.

Cagayan State University University Library, Carig Campus
Tuguegarao City, Cagayan 3500 | www.csucarig.edu.ph

Powered by Koha